| 000 | 01158nam a2200277Ia 4500 | ||
|---|---|---|---|
| 999 |
_c4290 _d4290 |
||
| 003 | OSt | ||
| 005 | 20200328005906.0 | ||
| 008 | 191128s2009 ck fr 000 0 spa d | ||
| 020 | _a9789588307534 | ||
| 040 |
_aCO-JMCR _cCO-JMCR |
||
| 041 | 0 | _aspa | |
| 082 | 0 | 4 |
_a320.4 / _bB662t _221 |
| 100 | 1 |
_aBoadway, Robin, _eeditor _92063 |
|
| 245 | 1 | 0 |
_aTransferencias fiscales intergubernamentales : _bprincipios y prácticas / _ceditado por Robin Boadway y Anwar Shah |
| 250 | _aPrimera edición | ||
| 260 |
_aBogotá : _bBanco Mundial, _c2009 |
||
| 300 |
_a544 páginas ; _c23 cm. |
||
| 490 | 0 | _aSector público, buen gobierno y responsabilidad y rendición de cuentas | |
| 504 | _aBibliografía al final de cada capítulo. | ||
| 505 | 0 | _aGuía para practicantes en transferencias fiscales intergubernamentales -- Transferencias en una economía federal: una perspectiva conceptual -- Equidad y eficiencia de transferencias entre entidades gubernamentales | |
| 650 | 1 | 4 |
_aGobierno central _92064 |
| 650 | 1 | 4 |
_aEconomía _92065 |
| 650 | 1 | 4 |
_aSector público _xrendición de cuentas _92066 |
| 700 | 1 |
_aShah, Anwar, _d _eeditor _92067 |
|
| 942 |
_2ddc _cBK |
||